Burzová technika Správne predať a kúpiť nie je jednoduché

Fungovanie búrz vo vyspelých krajinách. Dva typy búrz cenných papierov - súkromnopodnikateľský charakter búrz v Anglicku, Kanade a v Austrálii. Druhý typ búrz - európske burzy - zakladá spravidla štát. Obchodovanie na burzách. Uzatváranie obchodov na burzovej ploche. Pravidlá obchodovania. Burzové p...

ver descrição completa

Na minha lista:
Detalhes bibliográficos
Autor principal: Luptáková, O.
Formato: Capítulo de Livro
Idioma:eslovaco
Assuntos:
Tags: Adicionar Tag
Sem tags, seja o primeiro a adicionar uma tag!

MARC

LEADER 00000naa a2200000 4500
001 r024995
005 20221213114039.8
041 0 |a slo 
044 |a SK 
245 1 0 |a Burzová technika  |b Správne predať a kúpiť nie je jednoduché  |c O. Luptáková 
520 |a Fungovanie búrz vo vyspelých krajinách. Dva typy búrz cenných papierov - súkromnopodnikateľský charakter búrz v Anglicku, Kanade a v Austrálii. Druhý typ búrz - európske burzy - zakladá spravidla štát. Obchodovanie na burzách. Uzatváranie obchodov na burzovej ploche. Pravidlá obchodovania. Burzové príkazy. Obchodovanie pomocou špecializovaných inštitúcií. Burzová cena. 
610 2 0 |a burzy 
610 2 0 |a Kanada 
610 2 0 |a Austrália 
610 2 0 |a Veľká Británia 
610 2 0 |a Európa 
610 2 0 |a obchody burzové 
610 2 0 |a papiere cenné 
610 2 0 |a ceny burzové 
610 2 0 |a makléri 
100 1 |a Luptáková, O.